01249nam a2200313 a 4500001001200000003000800012006001900020007001500039008004100054010001700095020001800112020002700130040002100157035002100178050002400199082001100223100005400234245008700288260005400375300003100429504005300460533015200513630005000665630003100715655002900746710001700775856012600792999001700918ebr10555042CaPaEBRm u cr cn|||||||||730220s1958 njuab sb 001 0 eng d z 58010053  z9780691002040 z9781400843190 (e-book) aCaPaEBRcCaPaEBR a(OCoLC)79427844114aBS1180b.P84 1958eb04a221.931 aPritchard, James B.q(James Bennett),d1909-1997.10aArchaeology and the Old Testamenth[electronic resource] /cby James B. Pritchard. a[Princeton] :bPrinceton University Press,c1958. axii, 263 p. :bill., maps. aIncludes bibliographical references and indexes. aElectronic reproduction.bPalo Alto, Calif. :cebrary,d2011.nAvailable via World Wide Web.nAccess may be limited to ebrary affiliated libraries.00aBible.pO.T.xHistory of contemporary events.00aBible.pO.T.xAntiquities. 7aElectronic books.2local2 aebrary, Inc.40uhttp://site.ebrary.com/lib/rucke/Doc?id=10555042zAn electronic book accessible through the World Wide Web; click to view c91867d91867